000 00289nam a2200121 a 4500
008 100917s1982|||| d
100 1 _aDickens, Charles
245 1 0 _aKronika Pickwickovho klubu 1
260 _bTatran
_aBratislava
_c1982
020 _c75
044 _axo
_cSK
041 _aslo
999 _c10422
_d10422